[Event "Tournoi Skype 021B"]
[Site "Skype"]
[Date "????.??.??"]
[Round "4.32"]
[White "Almiron, Patricia"]
[Black "Homme, Jim"]
[Result "1-0"]
[WhiteElo "1000"]
[BlackElo "1238"]
[PlyCount "103"]

1. d4 Nf6 2. Nf3 d5 3. b3 e6 4. Bb2 Be7 5. e3 O-O 6. Bd3 c5 7. Qe2 Nc6 8. a3
Bd7 9. O-O Bd6 10. Nbd2 Re8 11. Ne5 Rc8 12. f4 Qe7 13. Ndf3 b5 14. Bxb5 a6 15.
Bxa6 Ra8 16. Bb7 Rab8 17. Bxc6 Bxe5 18. Bxd7 Nxd7 19. fxe5 Rbc8 20. c4 dxc4 21.
bxc4 Nb6 22. Rfc1 Na4 23. Qc2 Nxb2 24. Qxb2 Rb8 25. Qc2 Rb7 26. Rcb1 Rxb1+ 27.
Rxb1 Qa7 28. Ng5 g6 29. Qd3 Rb8 30. Rxb8+ Qxb8 31. Ne4 cxd4 32. Nf6+ Kg7 33.
exd4 Qb2 34. h4 Qc1+ 35. Kh2 Qf4+ 36. g3 Qf2+ 37. Kh3 h5 38. g4 Qg1 39. gxh5
Qh1+ 40. Kg4 Qg1+ 41. Qg3 Qd1+ 42. Qf3 Qxd4+ 43. Qe4 Qd1+ 44. Kg5 Qg1+ 45. Ng4
Qc1+ 46. Qf4 Qxa3 47. Qf6+ Kg8 48. hxg6 Qc1+ 49. Kh5 fxg6+ 50. Qxg6+ Kf8 51.
Qh6+ Ke8 52. Qxc1 1-0

[Event "Tournoi Skype 021B"]
[Site "Skype"]
[Date "????.??.??"]
[Round "4.33"]
[White "Chothe, Siddhant"]
[Black "Farfallini, Michel"]
[Result "1/2-1/2"]
[WhiteElo "1000"]
[BlackElo "1305"]
[PlyCount "49"]

1. e4 e5 2. Nf3 Nc6 3. Bc4 Bc5 4. c3 Nf6 5. d4 exd4 6. cxd4 Bb4+ 7. Bd2 Nxe4 8.
Bxb4 Nxb4 9. Qb3 d5 10. Qxb4 dxc4 11. Qxc4 O-O 12. O-O Bg4 13. Nbd2 Nxd2 14.
Nxd2 Qg5 15. Qd3 Rfe8 16. Rfe1 Rad8 17. g3 c5 18. Rxe8+ Rxe8 19. dxc5 Rd8 20.
Qe4 Qxd2 21. Qxg4 Qxb2 22. Rd1 Re8 23. Qd7 Kf8 24. Qd6+ Kg8 25. Qd7 1/2-1/2

[Event "Tournoi Skype 021B"]
[Site "Skype"]
[Date "????.??.??"]
[Round "4.34"]
[White "Hargez, Dany"]
[Black "Lecluyse, Koenraad"]
[Result "0-1"]
[WhiteElo "1460"]
[BlackElo "1188"]
[PlyCount "86"]

1. e4 e6 2. d4 d5 3. exd5 exd5 4. Nf3 Bg4 5. Be2 Bxf3 6. Bxf3 c6 7. O-O Nf6 8.
Bg5 Bd6 9. Re1+ Be7 10. Nc3 O-O 11. Bxf6 Bxf6 12. Ne2 Nd7 13. Ng3 g6 14. b3 Bh4
15. Qd3 Qf6 16. Nf1 Rfe8 17. Re2 Re7 18. Rxe7 Qxe7 19. g3 Bg5 20. c4 Nf6 21.
cxd5 cxd5 22. Ne3 Bxe3 23. fxe3 Rc8 24. Re1 Qa3 25. Re2 Rc1+ 26. Kg2 Ra1 27. e4
Qc1 28. Kh3 Qf1+ 29. Kh4 g5+ 30. Kxg5 Kg7 31. exd5 Qh3 32. Kf4 Qh6+ 33. Ke5
Nd7+ 34. Ke4 Rc1 35. Qd2 Qg6+ 36. Ke3 Rc8 37. Kf2 b6 38. Be4 Qf6+ 39. Qf4 Qxd4+
40. Kf3 Rc3+ 41. Kg4 Nf6+ 42. Kf5 Qd1 43. Qg4+ Nxg4 0-1

[Event "Tournoi Skype 021B"]
[Site "Skype"]
[Date "????.??.??"]
[Round "4.36"]
[White "Lawton, Tony"]
[Black "Mimouni, Driss"]
[Result "0-1"]
[WhiteElo "1000"]
[BlackElo "1000"]
[PlyCount "56"]

1. e4 e5 2. Nf3 Bc5 3. Bc4 Nf6 4. d4 Bb4+ 5. c3 Ba5 6. Ng5 O-O 7. h4 h6 8. Nh3
Nxe4 9. Bd5 Nf6 10. Be3 d6 11. Qd2 Nxd5 12. Bxh6 gxh6 13. Qxh6 Qf6 14. Qg5+
Qxg5 15. hxg5 Bf5 16. Kd2 Nf4 17. Na3 Nxg2 18. Rag1 Be4 19. Rh2 Nd7 20. g6 fxg6
21. Ng5 Rxf2+ 22. Kc1 exd4 23. Nxe4 Rf4 24. Nxd6 dxc3 25. Rhxg2 Bb6 26. Rxg6+
Kf8 27. Rg8+ Ke7 28. Rxa8 Bxg1 0-1

[Event "Tournoi Skype 021B"]
[Site "Skype"]
[Date "????.??.??"]
[Round "5.1"]
[White "Vello, Pablo"]
[Black "Galani, Mahendra"]
[Result "1-0"]
[WhiteElo "1349"]
[BlackElo "1433"]
[PlyCount "91"]

1. d4 d5 2. Bf4 Nf6 3. e3 Nbd7 4. Nf3 Nh5 5. Bg3 Nxg3 6. hxg3 Nf6 7. Nbd2 e6 8.
Bd3 Qd6 9. c3 Qb6 10. Qb3 Qd6 11. Ne5 Be7 12. Ndf3 Ne4 13. Bxe4 dxe4 14. Nd2 f5
15. Qd1 Bd7 16. Qh5+ g6 17. Nxg6 O-O-O 18. Nxh8 Rxh8 19. Nc4 Qa6 20. Ne5 Be8
21. Qh6 Bf8 22. Qf6 Rg8 23. Rxh7 Qd6 24. O-O-O Ba4 25. Rdh1 b6 26. Rf7 Be8 27.
Rfh7 Qd8 28. Qxd8+ Kxd8 29. Nf7+ Bxf7 30. Rxf7 Be7 31. Rhh7 Re8 32. Rh6 Bg5 33.
Rhh7 Be7 34. Kc2 a5 35. c4 c5 36. d5 exd5 37. cxd5 c4 38. Rxf5 Bc5 39. Rff7 a4
40. Rc7 Rf8 41. Rhf7 Rh8 42. Rh7 Rf8 43. Rcf7 Rg8 44. Rh3 Ke8 45. Ra7 Rf8 46.
Ra8+ 1-0

[Event "Tournoi Skype 021B"]
[Site "Skype"]
[Date "????.??.??"]
[Round "5.2"]
[White "Aceituno, Stebe"]
[Black "Calcino, Luis"]
[Result "0-1"]
[WhiteElo "1419"]
[BlackElo "1400"]
[PlyCount "64"]

1. e4 c5 2. Nf3 e6 3. d4 cxd4 4. Nxd4 Nc6 5. Be3 Nf6 6. f3 a6 7. c4 Bb4+ 8. Nc3
O-O 9. Be2 Qc7 10. O-O b6 11. Qc2 Bb7 12. f4 Bxc3 13. Qxc3 Nxe4 14. Qd3 Nc5 15.
Qd2 Ne4 16. Qd3 Nc5 17. Qd2 f6 18. Rad1 Rab8 19. f5 a5 20. fxe6 dxe6 21. Nb5
Qe7 22. Kh1 Rbd8 23. Bxc5 bxc5 24. Qe3 e5 25. Rxd8 Rxd8 26. b3 Nd4 27. Bd3 e4
28. Nc3 f5 29. Re1 Qh4 30. g3 exd3+ 31. Kg1 Qh5 32. Qe6+ Nxe6 0-1

[Event "Tournoi Skype 021B"]
[Site "Skype"]
[Date "????.??.??"]
[Round "5.3"]
[White "Cayo, Ana Carolina"]
[Black "Levantini, Claudio"]
[Result "0-1"]
[WhiteElo "1000"]
[BlackElo "1384"]
[PlyCount "30"]

1. d4 d5 2. Nf3 Nf6 3. Bg5 e6 4. e3 Be7 5. Bd3 Nbd7 6. O-O O-O 7. Nbd2 a5 8.
Ne5 h6 9. Bxf6 Nxf6 10. f4 Bd6 11. g4 Nh7 12. Bxh7+ Kxh7 13. g5 f6 14. g6+ Kg8
15. Nf7 Qe7 0-1

[Event "Tournoi Skype 021B"]
[Site "Skype"]
[Date "????.??.??"]
[Round "5.4"]
[White "Chavero, Victor"]
[Black "Malbec, Robert"]
[Result "1-0"]
[WhiteElo "1396"]
[BlackElo "1449"]
[PlyCount "97"]

1. d4 d5 2. Nf3 Nf6 3. g3 c6 4. Bg2 Bf5 5. Nbd2 e6 6. O-O Bd6 7. Ne5 Nbd7 8. f4
O-O 9. c3 Ng4 10. Ndf3 Nb6 11. Nxg4 Bxg4 12. Ne5 Bf5 13. Re1 Nd7 14. e4 Bg6 15.
Nxg6 fxg6 16. e5 Bc7 17. Bh3 Qe7 18. Qg4 Rae8 19. Bd2 Bb6 20. Re2 c5 21. Be3
cxd4 22. cxd4 Bc7 23. Rc1 Nb6 24. Rec2 Nc4 25. Bf2 Bd8 26. b3 Na3 27. Rc8 Nb5
28. R1c5 Nc7 29. Rb8 b6 30. Rc2 Qd7 31. Rb7 a5 32. Rxb6 Na8 33. Rxe6 Qb5 34.
Rxe8 Rxe8 35. Qd7 Qxd7 36. Bxd7 Rf8 37. Be6+ Kh8 38. Bxd5 Bb6 39. Bxa8 Rxa8 40.
Rc6 Rb8 41. e6 Bd8 42. d5 h6 43. d6 Bf6 44. d7 Kh7 45. Bb6 Ra8 46. Rc8 Ra6 47.
d8=Q Bxd8 48. Rxd8 Rxb6 49. e7 1-0

[Event "Tournoi Skype 021B"]
[Site "Skype"]
[Date "????.??.??"]
[Round "5.5"]
[White "Bustos, Ricardo"]
[Black "Martin, Jean-Claude"]
[Result "0-1"]
[WhiteElo "1319"]
[BlackElo "1402"]
[PlyCount "20"]

1. d4 e5 2. dxe5 Nc6 3. Nf3 Qe7 4. Bf4 Qb4+ 5. Bd2 Qxb2 6. Bc3 Bb4 7. Nfd2 Bxc3
8. Nxc3 Qxc3 9. Rb1 Nb4 10. Rb3 Nxc2+ 0-1

[Event "Tournoi Skype 021B"]
[Site "Skype"]
[Date "????.??.??"]
[Round "5.6"]
[White "Hernandez Lopez, Joaquin"]
[Black "Maccaferri, Massimo"]
[Result "0-1"]
[WhiteElo "1263"]
[BlackElo "1397"]
[PlyCount "60"]

1. e4 e5 2. Nf3 Nf6 3. Bc4 Nc6 4. d3 d5 5. Bb5 dxe4 6. Bxc6+ bxc6 7. Nxe5 Qd5
8. Bf4 exd3 9. Nxd3 Qxg2 10. Rf1 Ng4 11. Qe2+ Be7 12. f3 Qxe2+ 13. Kxe2 Nh6 14.
Bxc7 Ba6 15. Rg1 Nf5 16. Nd2 Rg8 17. Rg4 Rc8 18. Ba5 c5 19. Re1 Nd4+ 20. Kd1
Bb7 21. Rf4 g5 22. Rf5 Nxf5 23. Nf2 Nd4 24. Nfe4 Kf8 25. Rf1 h5 26. h3 g4 27.
fxg4 hxg4 28. Nf6 Bxf6 29. Rxf6 gxh3 30. Rf1 h2 0-1

[Event "Tournoi Skype 021B"]
[Site "Skype"]
[Date "????.??.??"]
[Round "5.7"]
[White "K, Muthuraman"]
[Black "Bhandari, Dattatrey"]
[Result "1-0"]
[WhiteElo "1379"]
[BlackElo "1316"]
[PlyCount "63"]

1. b3 e5 2. Bb2 d6 3. g3 Nf6 4. Bg2 c6 5. c4 Nbd7 6. Nc3 Be7 7. d3 O-O 8. e4 a6
9. Nge2 Re8 10. O-O Qc7 11. Qd2 Nf8 12. d4 Bd7 13. h3 Qc8 14. Kh2 Bd8 15. a3
Nh5 16. Rad1 h6 17. dxe5 dxe5 18. Na4 b6 19. Qe3 Rb8 20. Qf3 Nf6 21. Nc1 N8h7
22. Qe2 Ng5 23. g4 c5 24. Nc3 Ne6 25. Nd5 Nxd5 26. cxd5 Nf4 27. Qf3 Bb5 28.
Rfe1 c4 29. bxc4 Qxc4 30. Bf1 Qc2 31. Bxb5 axb5 32. Bc3 1-0

[Event "Tournoi Skype 021B"]
[Site "Skype"]
[Date "????.??.??"]
[Round "5.8"]
[White "Yilmazer, Seher"]
[Black "Milanese, Serge"]
[Result "0-1"]
[WhiteElo "1054"]
[BlackElo "1377"]
[PlyCount "40"]

1. e4 e5 2. Nf3 Nc6 3. Bc4 Bc5 4. d3 d6 5. h3 Be6 6. Bb5 a6 7. Bg5 f6 8. d4
axb5 9. dxc5 fxg5 10. cxd6 cxd6 11. h4 Qa5+ 12. Nbd2 Nf6 13. c3 Nh5 14. Nxg5
Nf4 15. Qf3 Bc4 16. Nxc4 bxc4 17. O-O-O Qxa2 18. Rxd6 Qa1+ 19. Kd2 Qxb2+ 20.
Ke3 Qxc3+ 0-1

[Event "Tournoi Skype 021B"]
[Site "Skype"]
[Date "????.??.??"]
[Round "5.10"]
[White "Lemoine, Gerard"]
[Black "Battaglia, Gabriele"]
[Result "1-0"]
[WhiteElo "1330"]
[BlackElo "1284"]
[PlyCount "53"]

1. d4 d5 2. c4 e5 3. dxe5 d4 4. Nf3 Nc6 5. Bf4 Bb4+ 6. Nbd2 Bg4 7. a3 Bxd2+ 8.
Nxd2 g5 9. Bg3 Nge7 10. f3 Bf5 11. Nb3 Ng6 12. Qd2 Ngxe5 13. Bxe5 Nxe5 14. Nxd4
Nxc4 15. Qc3 Nd6 16. Nxf5 Nxf5 17. Qxh8+ Ke7 18. Qe5+ Kf8 19. Qxf5 Qd4 20. Qxh7
Ke7 21. Rb1 Rd8 22. Qc2 c5 23. e3 Qxe3+ 24. Be2 b5 25. Rd1 Rd4 26. Qxc5+ Ke6
27. Rxd4 1-0

[Event "Tournoi Skype 021B"]
[Site "Skype"]
[Date "????.??.??"]
[Round "5.11"]
[White "Couto, Januario"]
[Black "Yanez, Leticia Jorgelina"]
[Result "1-0"]
[WhiteElo "1485"]
[BlackElo "1300"]
[PlyCount "89"]

1. e4 e5 2. Nf3 Nc6 3. Bc4 Nf6 4. Ng5 d5 5. exd5 Nxd5 6. Nxf7 Kxf7 7. Qf3+ Qf6
8. Qxd5+ Be6 9. Qd3 Rd8 10. Bxe6+ Qxe6 11. Qf3+ Kg8 12. c3 e4 13. Qe2 Ne5 14.
O-O Nd3 15. b4 Qg6 16. g3 Be7 17. Na3 Kf7 18. Nc2 Rhf8 19. Ne1 Kg8 20. Nxd3
Rxd3 21. f4 Bh4 22. Qg2 Bxg3 23. f5 Bxh2+ 24. Kxh2 Qh6+ 25. Kg1 Rh3 26. d4 Qh4
27. Bg5 Qg3 28. Bf4 Qxg2+ 29. Kxg2 Rh5 30. Bxc7 Rg5+ 31. Bg3 h5 32. Kh3 Kf7 33.
Rae1 Rg4 34. Rf4 Rxf4 35. Bxf4 Kf6 36. Be5+ Kf7 37. Rxe4 Rc8 38. d5 Re8 39. Kg3
g6 40. fxg6+ Kxg6 41. Kf3 Kf5 42. d6 Rxe5 43. Rxe5+ Kxe5 44. d7 h4 45. d8=Q 1-0

[Event "Tournoi Skype 021B"]
[Site "Skype"]
[Date "????.??.??"]
[Round "5.12"]
[White "Junqueira, Leonardo De Faria"]
[Black "Ram, Madhukesh"]
[Result "1-0"]
[WhiteElo "1453"]
[BlackElo "1237"]
[PlyCount "93"]

1. e4 e5 2. d4 Nf6 3. Bg5 Be7 4. Bxf6 Bxf6 5. dxe5 Bxe5 6. c3 Qe7 7. Nd2 d6 8.
Be2 O-O 9. Ngf3 f5 10. O-O fxe4 11. Nxe5 Qxe5 12. Re1 d5 13. c4 c6 14. cxd5
cxd5 15. f3 Bf5 16. fxe4 Qd4+ 17. Kh1 Bxe4 18. Nxe4 Qxd1 19. Raxd1 dxe4 20.
Bc4+ Kh8 21. Rxe4 Nc6 22. Rde1 Rad8 23. h3 Nd4 24. Re7 Rb8 25. Bd5 Nc6 26. Rc7
Rfd8 27. Bxc6 bxc6 28. Ree7 Rg8 29. b3 Rbe8 30. Rxa7 Rxe7 31. Rxe7 Rc8 32. a4
Kg8 33. Rb7 c5 34. a5 Rc6 35. Kh2 c4 36. bxc4 Rxc4 37. a6 Rc8 38. a7 h6 39. Rb8
Rxb8 40. axb8=Q+ Kh7 41. Kg3 g5 42. Kg4 Kg6 43. Qe8+ Kg7 44. Kh5 Kh7 45. Qg6+
Kh8 46. Kxh6 g4 47. Qg7# 1-0

[Event "Tournoi Skype 021B"]
[Site "Skype"]
[Date "????.??.??"]
[Round "5.13"]
[White "De Nobrega, George"]
[Black "Porcabeuf, Jean-Marc"]
[Result "0-1"]
[WhiteElo "1420"]
[BlackElo "1270"]
[PlyCount "76"]

1. e4 e5 2. Nf3 Nc6 3. Bc4 h6 4. d4 exd4 5. Nxd4 Ne5 6. Bb3 d6 7. Bf4 Ng6 8.
Qf3 Nf6 9. Nc3 c6 10. O-O Be7 11. Be3 O-O 12. Nf5 Bxf5 13. Qxf5 Nh4 14. Qf4 g5
15. Qg3 Nh5 16. Qg4 Nf6 17. Qg3 Qd7 18. f4 Nh5 19. Qf2 Qg4 20. g3 Kh8 21. fxg5
Bxg5 22. Bxg5 Qxg5 23. Qd4+ f6 24. Qf2 Rae8 25. Kh1 Ng6 26. Qf5 Nxg3+ 27. hxg3
Qxg3 28. Qf2 Qg4 29. Qg2 Qh5+ 30. Kg1 Re5 31. Qh1 Rg5+ 32. Kf2 Nh4 33. Ke1 d5
34. exd5 Re8+ 35. Kf2 Rf5+ 36. Kg3 Qg5+ 37. Kh2 Re3 38. Rxf5 Qg3# 0-1

[Event "Tournoi Skype 021B"]
[Site "Skype"]
[Date "????.??.??"]
[Round "5.14"]
[White "Gerbaux, Regis"]
[Black "Vincent, Andre"]
[Result "1/2-1/2"]
[WhiteElo "1462"]
[BlackElo "1274"]
[PlyCount "64"]

1. e4 e6 2. d4 d5 3. exd5 exd5 4. Nf3 Be7 5. h3 Nf6 6. Nc3 O-O 7. Bd3 Re8 8.
O-O Nc6 9. Bf4 Bd6 10. Bxd6 Qxd6 11. Nb5 Qd8 12. c4 a6 13. Nc3 Nb4 14. a3 Nxd3
15. Qxd3 c6 16. c5 Ne4 17. Rfe1 Nxc3 18. Qxc3 Bf5 19. Re3 Qf6 20. Rae1 Re6 21.
Ne5 Ree8 22. Nf3 Re6 23. Ne5 Ree8 24. Rf3 Qg5 25. Ree3 f6 26. Rg3 Qh5 27. Ng4
Bxg4 28. Rxg4 f5 29. Rf4 Qd1+ 30. Kh2 Re4 31. Rxf5 Qxd4 32. Qxd4 Rxd4 1/2-1/2

[Event "Tournoi Skype 021B"]
[Site "Skype"]
[Date "????.??.??"]
[Round "5.15"]
[White "Kruzeniski, Randy"]
[Black "Codina, Teresa"]
[Result "1-0"]
[WhiteElo "1435"]
[BlackElo "1266"]
[PlyCount "95"]

1. d4 Nf6 2. Nf3 d5 3. e3 Nc6 4. a3 Bg4 5. h3 Bf5 6. c4 Be4 7. Nc3 e6 8. Nxe4
Nxe4 9. Bd3 Be7 10. Qc2 Nf6 11. Ne5 Bd6 12. f4 Ne7 13. c5 Bxe5 14. fxe5 Ne4 15.
Bxe4 dxe4 16. Qxe4 c6 17. O-O Qc7 18. Qf3 O-O 19. e4 Rad8 20. Be3 h6 21. Qg3
Kh7 22. Rf3 Ng6 23. h4 h5 24. Qg5 Qe7 25. Qxh5+ Kg8 26. Bg5 f6 27. exf6 gxf6
28. Qxg6+ Qg7 29. Qxg7+ Kxg7 30. Be3 Rh8 31. g3 Rh5 32. Raf1 Rf8 33. Kg2 f5 34.
exf5 Rhxf5 35. Rxf5 Rxf5 36. Rxf5 exf5 37. Kf3 Kg6 38. Kf4 a6 39. g4 fxg4 40.
Kxg4 Kh7 41. Kg5 Kg7 42. h5 Kh7 43. Bf4 Kg7 44. b4 Kh7 45. Be5 Kg8 46. Kg6 Kf8
47. h6 Kg8 48. h7+ 1-0

[Event "Tournoi Skype 021B"]
[Site "Skype"]
[Date "????.??.??"]
[Round "5.16"]
[White "Amato, Ludovica"]
[Black "Meaney, Mike"]
[Result "1/2-1/2"]
[WhiteElo "1261"]
[BlackElo "1413"]
[PlyCount "45"]

1. e4 e6 2. d4 d5 3. exd5 exd5 4. Bd3 Bd6 5. Qf3 Nf6 6. h3 h6 7. Ne2 Nc6 8. Bf4
Bxf4 9. Qxf4 Qe7 10. O-O Nb4 11. Qf3 Be6 12. Nf4 Nxd3 13. Nxe6 Qxe6 14. Qxd3
O-O 15. Nc3 a6 16. Rfe1 Qd6 17. Re5 c5 18. Rae1 c4 19. Qe3 Rae8 20. Rxe8 Rxe8
21. Qd2 Rxe1+ 22. Qxe1 Qf4 23. Qe5 1/2-1/2

[Event "Tournoi Skype 021B"]
[Site "Skype"]
[Date "????.??.??"]
[Round "5.17"]
[White "Sanchez Padilla, Armando Edilber"]
[Black "Vervoort, Jean-Louis"]
[Result "1-0"]
[WhiteElo "1240"]
[BlackElo "1395"]
[PlyCount "25"]

1. e4 d5 2. e5 d4 3. Nf3 Nc6 4. Bb5 Qd5 5. c4 Qc5 6. d3 Bg4 7. Nbd2 e6 8. a3 a5
9. h3 Bxf3 10. Nxf3 f6 11. Qe2 f5 12. Ng5 O-O-O 13. Nxe6 1-0

[Event "Tournoi Skype 021B"]
[Site "Skype"]
[Date "????.??.??"]
[Round "5.18"]
[White "Escudero Ocana, Francisco"]
[Black "Bucherie, Volcy"]
[Result "1-0"]
[WhiteElo "1385"]
[BlackElo "1191"]
[PlyCount "97"]

1. e4 c6 2. c4 e5 3. Nf3 Nf6 4. d3 Bc5 5. Nxe5 O-O 6. Nc3 Bd4 7. Nf3 Qb6 8.
Nxd4 Qxd4 9. Be3 Qe5 10. Be2 d5 11. cxd5 cxd5 12. O-O Ng4 13. Qc2 dxe4 14. dxe4
Nc6 15. Bxg4 Bxg4 16. f3 Be6 17. a3 Rac8 18. Rad1 a6 19. f4 Qc7 20. e5 Kh8 21.
Rd3 Bf5 22. Nd5 Bxd3 23. Qxd3 Rfd8 24. Qb3 h6 25. Nxc7 Rxc7 26. Bb6 Rcd7 27.
Bxd8 Nxd8 28. Rd1 Rxd1+ 29. Qxd1 Ne6 30. f5 Nf4 31. Qg4 Nd3 32. f6 g6 33. Qc8+
Kh7 34. Qxb7 Nxe5 35. Qe7 g5 36. Qf8 Kg6 37. Qg7+ Kf5 38. Kf2 Ng4+ 39. Kg3 Nxf6
40. Qxf7 h5 41. Kf3 g4+ 42. Ke3 h4 43. Qc4 a5 44. Qb5+ Ke6 45. Qxa5 g3 46. h3
Nd7 47. Ke4 Nf8 48. Qf5+ Kd6 49. Qxf8+ 1-0

[Event "Tournoi Skype 021B"]
[Site "Skype"]
[Date "????.??.??"]
[Round "5.20"]
[White "Ramirez Reina, Orlando"]
[Black "Scata, Laura"]
[Result "1-0"]
[WhiteElo "1320"]
[BlackElo "1191"]
[PlyCount "121"]

1. e4 c6 2. d4 d5 3. Nc3 dxe4 4. Nxe4 Bf5 5. Ng3 Bg6 6. Nf3 h6 7. Bc4 e6 8. O-O
Nd7 9. Re1 Bd6 10. c3 Qc7 11. Nh4 Bh7 12. Nhf5 Bf8 13. Bxe6 fxe6 14. Rxe6+ Ne7
15. Qe2 O-O-O 16. Nd6+ Kb8 17. Nf7 Bg8 18. Nxd8 Qxd8 19. Bf4+ Ka8 20. Re1 Bxe6
21. Qxe6 g5 22. Bd6 Nc8 23. Qe8 Be7 24. Qxd8 Bxd8 25. Ba3 Nf6 26. h3 Re8 27.
Kf1 Rxe1+ 28. Kxe1 Kb8 29. Nf5 h5 30. f3 Bc7 31. Ng7 Nb6 32. b3 Nbd5 33. Bb2
Bg3+ 34. Ke2 Nf4+ 35. Kf1 N6d5 36. Nf5 Bh2 37. g3 Nxh3 38. Kg2 Bxg3 39. Kxg3
Nhf4 40. c4 Ne2+ 41. Kf2 Ndc3 42. Bxc3 Nxc3 43. a3 Nd1+ 44. Kg2 Kc7 45. Ng3
Ne3+ 46. Kh3 h4 47. Ne4 Nf5 48. Nxg5 Kd6 49. Kg4 h3 50. Kxh3 c5 51. d5 Nd4 52.
b4 Nc2 53. bxc5+ Kxc5 54. Ne4+ Kb6 55. a4 a5 56. c5+ Kc7 57. Nc3 Nd4 58. Kg4
Kd8 59. f4 Ke8 60. f5 Ke7 61. Kg5 1-0

[Event "Tournoi Skype 021B"]
[Site "Skype"]
[Date "????.??.??"]
[Round "5.21"]
[White "Bouffard, Georges"]
[Black "Almiron, Patricia"]
[Result "0-1"]
[WhiteElo "1314"]
[BlackElo "1000"]
[PlyCount "62"]

1. d4 d5 2. f4 Bf5 3. e3 e6 4. Nf3 Nc6 5. c3 Bd6 6. Bd3 Nge7 7. Nbd2 Bxd3 8.
Ne5 Nxe5 9. Nf3 Nxf3+ 10. Qxf3 Ba6 11. e4 dxe4 12. Qxe4 Nf5 13. Be3 O-O 14. Bf2
Re8 15. g4 Nh6 16. Rg1 g6 17. g5 Nf5 18. Kd2 Qe7 19. a3 c5 20. dxc5 Bxc5 21.
Bxc5 Qxc5 22. Kc2 Rad8 23. Rad1 Rd6 24. b4 Qc7 25. Kb2 Red8 26. Rc1 Rd2+ 27.
Rc2 Rxc2+ 28. Kb3 Rdd2 29. Ka4 Qd7+ 30. Qc6 Qxc6+ 31. Kb3 Rb2# 0-1

[Event "Tournoi Skype 021B"]
[Site "Skype"]
[Date "????.??.??"]
[Round "5.23"]
[White "Ruiz Gomez, Luz Alba"]
[Black "Rangasamy, Jayaprakash"]
[Result "0-1"]
[WhiteElo "1292"]
[BlackElo "1000"]
[PlyCount "68"]

1. d4 d5 2. Nf3 e6 3. Bf4 c6 4. e3 Nf6 5. c3 Be7 6. Bd3 O-O 7. Nbd2 h6 8. O-O
Nbd7 9. Qc2 Nb6 10. Ne5 Bd6 11. Nb3 Qe7 12. h3 Nbd7 13. Rfe1 a6 14. a4 c5 15.
a5 c4 16. Nd2 cxd3 17. Qxd3 Nh5 18. Bh2 Nhf6 19. Ndf3 Ne4 20. Nd2 Nxd2 21. Qxd2
Nf6 22. f3 Nh7 23. f4 Bxe5 24. dxe5 f6 25. exf6 Nxf6 26. b4 Ne4 27. Qb2 Bd7 28.
Rf1 Bb5 29. Rf3 Rac8 30. Rc1 Qf6 31. f5 exf5 32. Bf4 Nxc3 33. Kh2 Ne4 34. Qa2
Rxc1 0-1

[Event "Tournoi Skype 021B"]
[Site "Skype"]
[Date "????.??.??"]
[Round "5.24"]
[White "Alverson, Ginny"]
[Black "Torres, Vicky"]
[Result "0-1"]
[WhiteElo "1086"]
[BlackElo "1281"]
[PlyCount "74"]

1. Nf3 d5 2. d4 Nc6 3. e3 Nf6 4. Bd3 e6 5. O-O Be7 6. Nbd2 O-O 7. c4 a6 8. c5
Nb4 9. Be2 Bd7 10. a3 Nc6 11. Ne5 Nxe5 12. dxe5 Ne4 13. Nxe4 dxe4 14. b4 Bc6
15. Qc2 Qd5 16. Bc4 Qxe5 17. Bb2 Qf5 18. Rad1 Qg6 19. g3 f5 20. Bxe6+ Qxe6 21.
Bd4 Qg6 22. Qa2+ Kh8 23. Be5 Bb5 24. Rfe1 c6 25. Rd7 Bf6 26. Bd6 Rfe8 27. Rxb7
h5 28. Qf7 Qxf7 29. Rxf7 Bc4 30. Rc1 Bxf7 31. Bf4 Be5 32. Bg5 Bb2 33. Rb1 Bxa3
34. Kg2 Bc4 35. f4 Bd3 36. Rb3 Bc1 37. Rc3 Bxe3 0-1

[Event "Tournoi Skype 021B"]
[Site "Skype"]
[Date "????.??.??"]
[Round "5.25"]
[White "Le Bouill, Pierre"]
[Black "Munoz Gonzalez, Martin"]
[Result "0-1"]
[WhiteElo "1000"]
[BlackElo "1451"]
[PlyCount "42"]

1. c4 Nf6 2. Nc3 e6 3. Nf3 Be7 4. e3 c6 5. d4 d5 6. b3 O-O 7. Be2 dxc4 8. bxc4
Re8 9. O-O Bd6 10. Bb2 Qc7 11. h3 Nbd7 12. Bd3 e5 13. e4 exd4 14. Nxd4 Ne5 15.
a3 Qb6 16. Rb1 Qxd4 17. Re1 Qxd3 18. Re3 Qxd1+ 19. Nxd1 Nxc4 20. Rd3 Nxe4 21.
Rxd6 Nexd6 0-1

[Event "Tournoi Skype 021B"]
[Site "Skype"]
[Date "????.??.??"]
[Round "5.26"]
[White "Briere, Jean"]
[Black "Chothe, Siddhant"]
[Result "1-0"]
[WhiteElo "1370"]
[BlackElo "1000"]
[PlyCount "105"]

1. e4 e5 2. Nf3 Nc6 3. Bc4 Bc5 4. d3 h6 5. O-O Nf6 6. Be3 Bb6 7. Nc3 d6 8. Nd5
Nxd5 9. Bxd5 Bd7 10. c3 O-O 11. d4 Rb8 12. dxe5 dxe5 13. b4 a6 14. Qb3 Qf6 15.
Rad1 Bg4 16. Bxb6 cxb6 17. Rd3 Be6 18. h3 Bxd5 19. Rxd5 Rbd8 20. Rfd1 Rxd5 21.
Rxd5 Rd8 22. c4 Nd4 23. Qd3 Nxf3+ 24. Qxf3 Rxd5 25. cxd5 Qxf3 26. gxf3 Kf8 27.
Kg2 Ke7 28. Kg3 f6 29. f4 exf4+ 30. Kxf4 g6 31. h4 Kd6 32. Ke3 Ke5 33. f4+ Kd6
34. Kd4 g5 35. e5+ Ke7 36. hxg5 fxg5 37. fxg5 h5 38. Ke3 b5 39. a3 b6 40. g6 a5
41. g7 Kf7 42. e6+ Kxg7 43. d6 Kf6 44. e7 Kf7 45. Kf3 axb4 46. axb4 h4 47. Kg4
h3 48. Kxh3 Ke8 49. Kg4 Kd7 50. Kf5 Ke8 51. Ke5 Kf7 52. Kd5 Ke8 53. Kc6 1-0

[Event "Tournoi Skype 021B"]
[Site "Skype"]
[Date "????.??.??"]
[Round "5.27"]
[White "Erten, Ozlem"]
[Black "Gieschen, Mike"]
[Result "0-1"]
[WhiteElo "1188"]
[BlackElo "1277"]
[PlyCount "82"]

1. e4 c5 2. Nf3 Nc6 3. d4 cxd4 4. Nxd4 Nf6 5. Nc3 e6 6. Be3 Bb4 7. Nxc6 bxc6 8.
Bd3 O-O 9. O-O d5 10. e5 Nd7 11. f4 f6 12. exf6 Rxf6 13. Bd4 Rf7 14. a3 Bc5 15.
Ne2 Qb6 16. Bxc5 Nxc5 17. Kh1 Nxd3 18. Qxd3 Ba6 19. Qd1 Qxb2 20. Rf2 Qf6 21.
Qd4 Bxe2 22. Qxf6 Rxf6 23. Rxe2 Raf8 24. Kg1 h6 25. g3 g5 26. fxg5 hxg5 27. Re5
Rg6 28. Kg2 Kg7 29. Rae1 Kf7 30. Rf1+ Ke7 31. Rxf8 Kxf8 32. Kf3 Kf7 33. Ke2 Kf6
34. Re3 d4 35. Rb3 e5 36. Rb7 e4 37. Rxa7 e3 38. Rd7 Ke5 39. Re7+ Kd6 40. Re4
c5 41. a4 Rf6 0-1

[Event "Tournoi Skype 021B"]
[Site "Skype"]
[Date "????.??.??"]
[Round "5.28"]
[White "Mhabdi, Mahesh"]
[Black "Douichi, Mohammed"]
[Result "1-0"]
[WhiteElo "1000"]
[BlackElo "1255"]
[PlyCount "51"]

1. e4 e5 2. f3 Bc5 3. Bc4 Nc6 4. Nc3 Nf6 5. Nge2 d6 6. a3 O-O 7. Na4 Nd4 8. c3
Nxf3+ 9. gxf3 Nxe4 10. fxe4 Qh4+ 11. Ng3 Bg4 12. Be2 Bxe2 13. Qxe2 a6 14. Nxc5
dxc5 15. d3 Rad8 16. Bd2 c4 17. dxc4 Rd6 18. O-O-O Rfd8 19. Nf5 Qf6 20. Nxd6
cxd6 21. Rhg1 g6 22. Bg5 Qg7 23. Bxd8 Qh6+ 24. Bg5 Qh3 25. Rxd6 Qc8 26. Rd8+
1-0

[Event "Tournoi Skype 021B"]
[Site "Skype"]
[Date "????.??.??"]
[Round "5.29"]
[White "Farfallini, Michel"]
[Black "Baker, Abi"]
[Result "1-0"]
[WhiteElo "1305"]
[BlackElo "1155"]
[PlyCount "79"]

1. e4 e6 2. d4 d5 3. e5 c5 4. c3 Nc6 5. Nf3 Nge7 6. Bg5 h6 7. Bh4 g5 8. Bg3 Nf5
9. Qd2 Qb6 10. Na3 Nfxd4 11. cxd4 cxd4 12. Nxd4 Nxd4 13. Rd1 Bc5 14. Qd3 Qxb2
15. Nb5 Bb4+ 16. Rd2 Bxd2+ 17. Qxd2 Nc2+ 18. Kd1 Qb1+ 19. Qc1 Qxa2 20. Nc7+ Ke7
21. Nxa8 Bd7 22. Qd2 Ba4 23. Ke2 Rxa8 24. Kf3 Qa3+ 25. Bd3 Nd4+ 26. Kg4 f6 27.
Kh5 fxe5 28. Bxe5 Nb3 29. Qc3 Bc6 30. Bc2 Rc8 31. Kxh6 a5 32. Bxb3 a4 33. Ra1
Qxa1 34. Qxa1 axb3 35. Qa3+ Kd7 36. Qd6+ Ke8 37. Kg7 d4 38. Bf6 Rc7+ 39. Qxc7
Bd7 40. Qd8# 1-0

[Event "Tournoi Skype 021B"]
[Site "Skype"]
[Date "????.??.??"]
[Round "5.30"]
[White "Tekes, Gamze"]
[Black "Homme, Jim"]
[Result "0-1"]
[WhiteElo "1055"]
[BlackElo "1238"]
[PlyCount "60"]

1. e4 e5 2. Nf3 Nc6 3. Bb5 Nf6 4. d3 Bc5 5. b3 a6 6. Ba4 b5 7. d4 Bb4+ 8. Bd2
Bxd2+ 9. Qxd2 bxa4 10. dxe5 Nxe4 11. Qe2 Nc5 12. b4 Ne6 13. Nc3 Nxb4 14. O-O a5
15. Nxa4 Ba6 16. c4 O-O 17. Nc3 d5 18. Rfd1 Bxc4 19. Qd2 c6 20. g3 Qd7 21. h4
Rad8 22. h5 h6 23. Kg2 Nc7 24. Rh1 Bd3 25. Qf4 Nc2 26. Rad1 Be4 27. Nxe4 d4 28.
Neg5 hxg5 29. Nxg5 Qd5+ 30. f3 Ne3+ 0-1